Introduction to the social history of england
| Main Author: | |
|---|---|
| Format: | Book |
| Published: |
New Delhi :
Universities press pub ltd ,
2007
|
| Subjects: |
MARC
| LEADER | 00000cam a2200000 7i4500 | ||
|---|---|---|---|
| 001 | 0000038019 | ||
| 005 | 20131023.0 | ||
| 008 | 131023 | ||
| 020 | |a 8187156112 | ||
| 090 | 0 | 0 | |a 942.0903 |b XAV |
| 100 | 1 | |a Xavier A.G. | |
| 245 | 1 | 0 | |a Introduction to the social history of england |c Xavier A.G. |
| 260 | |a New Delhi : |b Universities press pub ltd , |c 2007 | ||
| 650 | 0 | |a Societies... | |
| 999 | |a 0001243819 |b Book |c Adult Collection |e Perbadanan Perpustakaan Awam Johor | ||